| 000 | 00528nam a2200181Ia 4500 | ||
|---|---|---|---|
| 003 | OSt | ||
| 005 | 20260116114505.0 | ||
| 008 | 210210b1941 xxu||||| |||| 00| 0 eng d | ||
| 040 | _cAL | ||
| 041 | _aKannada | ||
| 082 | _a859/826 | ||
| 100 |
_aDATTATREYA KULAKARANI _9144936 _d ದತ್ತಾತ್ರೇಯ ಕುಲಕರ್ಣಿ |
||
| 245 |
_aNalina kanasu: _bನಾಳಿನ ಕನಸು |
||
| 260 |
_aDharavada _bLalitha Prakashana., _c1941 |
||
| 690 |
_aKannada Fiction _9144939 |
||
| 906 | _a021587 | ||
| 942 |
_2ddc _cBK |
||
| 999 |
_c145675 _d145675 |
||